01542nam a2200361 a 4500001001000000003000500010005001700015008004100032010001100073011001100084040000900095090001000104100003700114245009800151260004100249500006000290502010600350502005800456590004100514590004000555590004000595590004000635650004400675650004100719650003200760856007000792901000700862942001000869942000600879999001900885952014000904952013601044000111205CHAP20220329144202.0150119s2014 mx sm |||||||spa d a107667 a108639 cCHAP aTesis00aYam Tzec, José Antonio912295810aTrayectoria de un tractor con guiado automáticoh[En línea]cpor José Antonio Yam Tzec. aChapingo, Méx. :bEl autor,c2014. aPara ver el contenido del material haga clic en la liga aTesis (Ph. D. en Ingenieria Agrícola y Uso integral del Agua) -- UACH. Departamento de Irrigación aUACH. Departamento Ingeniería Mecánica Agrícola aE11695DGDb10c20150120lUCH01h1101 aE5765TAJb05c20150119lUCH01h1129 aE5765TAJb05c20150119lUCH01h1129 aE5995AHEb05c20150420lUCH01h100114aMaquinaria agrícolaxDiseño.97116814aTractoresxAutomatización.912601914aTractoresxPruebas.9114586 aFinding aiduhttp://10.13.5.2/tesis/sist111205.pdfzTeclea aquí aBK cTESIS n0 c107667d107667 00102local4053708TESISaBCbBCcPA_TESISd2015-01-19fTESISl0oTesisp33724002441629r2019-12-31 00:00:00tc.2w2019-12-31yTESIS 00104054718TESISaBCbBCd2015-01-19fTESISl0oTesisp33724002441660r2019-12-31 00:00:00w2019-12-31yTESISzRecien adquirido